000 00744nam a2200289 a 4500
001 77089
003 BD-RjUL
005 20211209082926.0
008 870603r19871985enk d 000 1 eng u
020 _a1850571066 pbk
020 _a1850571058
035 _a(BD-RjUL)
040 _aBD-RjUL
_beng
_cBD-RjUL
041 _aeng
082 _a823.914
_219
082 _a823/.9/1
_218
092 _aD0000007775
100 1 _aMcfee, William
_9239715
245 1 0 _aCommand /
_cby William Mcfee
260 _aNewyork :
_bGarden city pub. ,,
_cc1922
300 _a337 p. ;
_c18 cm
650 _aFiction
_9239716
942 _2ddc
_cBK
999 _c77089
_d77089